Trends in primary education (Record no. 60422)

MARC details
000 -LEADER
fixed length control field 00489nam a2200133 a 4500
008 - FIXED-LENGTH DATA ELEMENTS--GENERAL INFORMATION
fixed length control field 120416s1975 ||||||||||||||||| || u
050 ## - LIBRARY OF CONGRESS CALL NUMBER
Classification number LB 1501 Tre
100 ## - MAIN ENTRY--PERSONAL NAME
Personal name Matthew, Julia
245 10 - TITLE STATEMENT
Title Trends in primary education
Statement of responsibility, etc. edited by Julia Matthew
260 ## - PUBLICATION, DISTRIBUTION, ETC.
Place of publication, distribution, etc. London
Name of publisher, distributor, etc. Peter Owen
Date of publication, distribution, etc. 1975
300 ## - PHYSICAL DESCRIPTION
Extent 173p. : ill.
350 ## - PRICE (NR) (BK AM CF MU VM SE) [OBSOLETE]
Price 0.00
995 ## - RECOMMENDATION 995 [LOCAL, UNIMARC FRANCE]
-- 0.00
-- CBU-MAIN LIBRARY (Kitwe)
-- 1
-- 5.00
-- 1
-- AVAILABLE
-- Main Library Open Access Collection
Holdings
Withdrawn status Lost status Source of classification or shelving scheme Damaged status Not for loan Home library Current library Shelving location Date acquired Total Checkouts Full call number Barcode Date last seen Price effective from Koha item type
          CBU-MAIN LIBRARY, KITWE. CBU-MAIN LIBRARY, KITWE.   11/30/2022   LB 1501 Tre 009129 11/30/2022 11/30/2022 MONOGRAPH